[Event "Aeroflot Open"]
[Site "Moscow RUS"]
[Date "2009.02.21"]
[Round "5"]
[White "Kurnosov,I"]
[Black "Bacrot,E"]
[Result "1/2-1/2"]
[WhiteElo "2602"]
[BlackElo "2722"]
[EventDate "2009.02.17"]

1. e4 c5 2. Nf3 Nc6 3. Nc3 g6 4. d4 cxd4 5. Nxd4 Bg7 6. Be3 Nf6 7. Bc4 Qa5
8. O-O O-O 9. Bb3 d6 10. h3 Bd7 11. Re1 Rfc8 12. Nf3 Be8 13. Bg5 Nd7 14.
Nd5 e6 15. Ne7+ Nxe7 16. Bxe7 Bxb2 17. Rb1 Bg7 18. Bxd6 Ne5 19. Bxe5 Bxe5
20. Bd5 Bc3 21. Bxb7 Bxe1 22. Qxe1 Qxa2 23. Bxc8 Rxc8 24. Ra1 Qxc2 25. Rxa7
Qc1 1/2-1/2

[Event "Aeroflot Open"]
[Site "Moscow RUS"]
[Date "2009.02.21"]
[Round "5"]
[White "Grachev,B"]
[Black "Mamedyarov,S"]
[Result "0-1"]
[WhiteElo "2655"]
[BlackElo "2724"]
[EventDate "2009.02.17"]

1. d4 Nf6 2. Nf3 g6 3. c4 Bg7 4. g3 O-O 5. Bg2 c5 6. d5 d6 7. Nc3 e6 8. O-O
exd5 9. cxd5 a6 10. a4 Re8 11. h3 Nbd7 12. Nd2 Rb8 13. Nc4 Ne5 14. Na3 Nh5
15. e4 Rf8 16. f4 Nxg3 17. fxe5 Nxf1 18. Qxf1 Bxe5 19. Bh6 Re8 20. Nc4 Bd4+
21. Kh1 b5 22. axb5 axb5 23. Ra7 Re7 24. Nxb5 Rxb5 25. Bg5 Rbb7 26. Rxb7
Bxb7 27. e5 Qd7 28. Bxe7 Qxe7 29. exd6 Qg5 30. Nb6 Qd8 31. Nc4 Ba6 32. b3
Bxc4 33. Qxc4 Qxd6 34. b4 Qe5 35. bxc5 Qe3 36. Qf1 Bxc5 37. Bf3 Kg7 38.
Qa1+ Kh6 39. Bg2 f5 40. Qf1 Kg5 41. Qd1 Bd6 42. Qf3 Qe5 43. Kg1 Bc5+ 44.
Kh1 Kh4 45. Bf1 Qg3 46. Qg2 f4 47. d6 f3 48. Qxg3+ Kxg3 49. d7 Bb6 50. Bc4
Kxh3 51. Bg8 Kg3 0-1

[Event "Aeroflot Open"]
[Site "Moscow RUS"]
[Date "2009.02.21"]
[Round "5"]
[White "Kazhgaleyev,M"]
[Black "Sargissian,G"]
[Result "1/2-1/2"]
[WhiteElo "2630"]
[BlackElo "2678"]
[EventDate "2009.02.17"]

1. d4 d5 2. c4 c6 3. Nc3 Nf6 4. e3 e6 5. Nf3 Nbd7 6. Bd3 dxc4 7. Bxc4 b5 8.
Bd3 Bd6 9. O-O O-O 10. Ne2 Bb7 11. Ng3 e5 12. Qc2 g6 13. a3 Qe7 14. b4 a5
15. bxa5 Rxa5 16. Bb2 Re8 17. dxe5 Nxe5 18. a4 bxa4 1/2-1/2

[Event "Aeroflot Open"]
[Site "Moscow RUS"]
[Date "2009.02.21"]
[Round "5"]
[White "Ponkratov,P"]
[Black "Moiseenko,A1"]
[Result "0-1"]
[WhiteElo "2558"]
[BlackElo "2676"]
[EventDate "2009.02.17"]

1. e4 c5 2. Nf3 Nc6 3. d4 cxd4 4. Nxd4 Nf6 5. Nc3 e5 6. Ndb5 d6 7. Bg5 a6
8. Na3 b5 9. Nd5 Be7 10. Bxf6 Bxf6 11. c4 Nd4 12. cxb5 O-O 13. b6 Bb7 14.
Bc4 Rb8 15. O-O Bg5 16. f4 Bf6 17. f5 Bg5 18. Kh1 Kh8 19. Qd3 Bxd5 20. Bxd5
Qxb6 21. Rab1 a5 22. b3 Qb4 23. Nc4 Nb5 24. Rb2 Rbd8 25. Bc6 Nc7 26. Bd5
Qc5 27. Rd1 g6 28. Qg3 f6 29. fxg6 hxg6 30. Qe1 a4 31. b4 Qb5 32. Rc2 Qd7
33. Nb6 Qh7 34. Rd3 Qe7 35. Qe2 f5 36. exf5 Rxf5 37. Be4 Rf6 38. Rh3+ Kg7
39. Rhc3 Rdf8 40. Bf3 Ne6 41. Nd5 Qd8 42. Nxf6 Qxf6 43. Qe4 Rf7 44. g3 Nd4
45. Rf2 Qd8 46. Kg2 Qb6 47. a3 Nf5 48. Rc6 Qb5 49. h4 Be3 50. Rfc2 Bd4 51.
Re2 d5 52. Qc2 e4 53. Bxe4 Ne3+ 0-1

[Event "Aeroflot Open"]
[Site "Moscow RUS"]
[Date "2009.02.21"]
[Round "5"]
[White "Tomashevsky,E"]
[Black "Zhou Jianchao"]
[Result "1/2-1/2"]
[WhiteElo "2664"]
[BlackElo "2612"]
[EventDate "2009.02.17"]

1. d4 d5 2. c4 c6 3. Nf3 Nf6 4. e3 Bg4 5. Nc3 e6 6. Qb3 Qb6 7. Nh4 Be7 8.
h3 Bh5 9. g4 Bg6 10. Nxg6 hxg6 11. Bg2 g5 12. Bd2 Nbd7 13. O-O-O a5 14.
Qxb6 Nxb6 15. c5 Nc8 16. e4 Nxe4 17. Bxe4 dxe4 18. Nxe4 f6 19. f4 gxf4 20.
Bxf4 b6 21. Rd3 Kf7 22. Rf1 bxc5 23. dxc5 Rd8 24. Bd6 Ke8 25. Rfd1 f5 26.
gxf5 exf5 27. Ng3 g6 28. Ne2 Ra7 29. Bxe7 Rxd3 30. Rxd3 Nxe7 31. Nf4 Rb7
32. Rd6 1/2-1/2

[Event "Aeroflot Open"]
[Site "Moscow RUS"]
[Date "2009.02.21"]
[Round "5"]
[White "Pashikian,A"]
[Black "Naiditsch,A"]
[Result "1-0"]
[WhiteElo "2621"]
[BlackElo "2693"]
[EventDate "2009.02.17"]

1. d4 Nf6 2. c4 e6 3. Nf3 d5 4. Nc3 c5 5. cxd5 Nxd5 6. e4 Nxc3 7. bxc3 cxd4
8. cxd4 Bb4+ 9. Bd2 Bxd2+ 10. Qxd2 O-O 11. Bc4 Nc6 12. O-O b6 13. Rfe1 Bb7
14. d5 Na5 15. Bd3 Qd6 16. Rad1 e5 17. Rc1 Rfc8 18. g3 f6 19. Nh4 g6 20.
Ng2 Rc5 21. Rxc5 Qxc5 22. Rc1 Qd4 23. Rc7 Rc8 24. Rxc8+ Bxc8 25. Qc2 Bd7
26. Qc7 Bh3 27. Bf1 Qxe4 28. Qb8+ Kg7 29. Qxa7+ Kh6 30. Qxb6 Bxg2 31. Bxg2
Qe1+ 32. Bf1 Nc4 33. Qxf6 Nd2 34. Qa6 Qd1 35. Qe2 Nf3+ 36. Kg2 Ne1+ 37. Kh3
1-0

[Event "Aeroflot Open"]
[Site "Moscow RUS"]
[Date "2009.02.21"]
[Round "5"]
[White "Vitiugov,N"]
[Black "Romanov,E"]
[Result "1/2-1/2"]
[WhiteElo "2687"]
[BlackElo "2576"]
[EventDate "2009.02.17"]

1. d4 d5 2. c4 e6 3. Nc3 c6 4. e4 dxe4 5. Nxe4 Bb4+ 6. Bd2 Qxd4 7. Bxb4
Qxe4+ 8. Be2 Na6 9. Ba5 b6 10. Qd6 Bd7 11. Bc3 f6 12. Nf3 Ne7 13. O-O-O
Qxe2 14. Qxd7+ Kf7 15. Rhe1 Qxc4 16. Re3 Rhe8 17. b3 Qg4 18. h3 Qf4 19. Rd4
Qh6 20. Qxe6+ Kf8 21. Rh4 Nc5 22. Qc4 Qg6 23. Ne5 fxe5 24. Rf3+ Nf5 25. g4
Qe6 26. gxf5 Qxc4 27. bxc4 Kg8 28. f6 Rf8 29. Rg4 g6 30. Bxe5 Rad8 31. Kc2
Kf7 32. Ra3 Rd7 33. Rd4 a5 34. Rad3 Rfd8 35. Rxd7+ Rxd7 36. Re3 b5 37. cxb5
cxb5 38. a3 b4 39. axb4 axb4 40. f4 Rd5 41. Bb2 b3+ 42. Kc3 Na4+ 43. Kxb3
Nxb2 44. Kxb2 Kxf6 45. Kc3 Rf5 46. Rf3 Ra5 47. Kd2 Ra4 48. f5 gxf5 49. Ke2
Ra2+ 50. Kf1 Rd2 51. Ke1 Rh2 52. Ra3 h5 53. Kf1 Ke5 54. Ra5+ Kf4 55. Ra4+
Kg3 56. Ra3+ Kh4 57. Rf3 Kg5 58. Ra3 f4 59. Rb3 Rd2 60. Rb5+ Kh4 61. Rb3
Kg5 62. Rb5+ Kg6 63. Ra5 h4 64. Ra3 Kf5 65. Ke1 Rc2 66. Kf1 Ke4 67. Ra4+
Ke3 68. Ra3+ Kd4 69. Ra4+ Rc4 70. Ra2 Rc3 71. Kf2 Rxh3 72. Ra8 Rb3 73. Rf8
Ke4 74. Re8+ Kf5 75. Rf8+ Kg4 76. Rg8+ Kh3 77. Rh8 Rg3 78. Rf8 Rg2+ 79. Kf3
Rg1 80. Kf2 Rg2+ 81. Kf3 Kh2 82. Rxf4 h3 83. Rh4 Rg8 84. Rh7 Rf8+ 85. Ke2
Rf4 86. Rg7 Kh1 87. Rg3 h2 88. Rg8 Ra4 89. Kf2 Ra2+ 90. Kf1 Ra1+ 91. Kf2
Rg1 92. Rh8 Rg2+ 93. Kf1 Rg5 94. Rf8 Rf5+ 1/2-1/2

[Event "Aeroflot Open"]
[Site "Moscow RUS"]
[Date "2009.02.21"]
[Round "5"]
[White "Landa,K"]
[Black "Amonatov,F"]
[Result "1/2-1/2"]
[WhiteElo "2626"]
[BlackElo "2647"]
[EventDate "2009.02.17"]

1. e4 e5 2. Nf3 Nc6 3. Bb5 a6 4. Ba4 Nf6 5. O-O Be7 6. Re1 b5 7. Bb3 O-O 8.
c3 d5 9. exd5 Nxd5 10. Nxe5 Nxe5 11. Rxe5 c6 12. d4 Bd6 13. Re1 Qh4 14. g3
Qh3 15. Be3 Bg4 16. Qd3 Rae8 17. Nd2 Qh5 18. Bc2 f5 19. f3 Bh3 20. Bf2 Nf4
21. gxf4 Bxf4 22. Bg3 Qg5 23. Nf1 h5 24. Bb3+ Kh8 25. Rxe8 Rxe8 26. Bf7 Re7
27. Bxh5 Bxf1 28. Qxf1 Be3+ 29. Kh1 Qxh5 30. Be5 Re6 31. Re1 f4 32. Re2 Rg6
33. Rg2 Qh3 34. Qe2 Qf5 1/2-1/2

[Event "Aeroflot Open"]
[Site "Moscow RUS"]
[Date "2009.02.21"]
[Round "5"]
[White "Zhigalko,S"]
[Black "Smirin,I"]
[Result "1-0"]
[WhiteElo "2587"]
[BlackElo "2647"]
[EventDate "2009.02.17"]

1. e4 g6 2. d4 Bg7 3. Nc3 d6 4. Be3 a6 5. a4 Nc6 6. d5 Ne5 7. f4 Nd7 8. Nf3
Ngf6 9. g3 c6 10. Bg2 O-O 11. a5 cxd5 12. exd5 Nc5 13. O-O Bg4 14. h3 Bxf3
15. Rxf3 Rc8 16. Bd4 Re8 17. Re3 Nh5 18. Kh2 Bxd4 19. Qxd4 Ng7 20. g4 h5
21. f5 gxf5 22. gxh5 e5 23. dxe6 Ngxe6 24. Qb4 f4 25. Rf3 d5 26. Rd1 d4 27.
Kh1 Qh4 28. Nd5 Ne4 29. Qe1 Ng3+ 30. Kh2 Ng5 31. Rxf4 Rxe1 32. Rxh4 Rxd1
33. Ne7+ Kh7 34. Nxc8 Nf5 35. Rf4 Ne3 36. Bxb7 Kh6 37. Bxa6 Rd2+ 38. Kg3
Rg2+ 39. Kh4 Rg1 40. Bb7 f5 41. Nd6 Ne6 42. Nxf5+ Kh7 43. Rf2 1-0

[Event "Aeroflot Open"]
[Site "Moscow RUS"]
[Date "2009.02.21"]
[Round "5"]
[White "Zhigalko,A"]
[Black "Mamedov,Rau"]
[Result "1-0"]
[WhiteElo "2572"]
[BlackElo "2638"]
[EventDate "2009.02.17"]

1. e4 c5 2. Nf3 Nc6 3. Bb5 g6 4. Bxc6 dxc6 5. d3 Bg7 6. h3 b6 7. O-O e5 8.
a3 a5 9. Be3 Ne7 10. Nbd2 Ba6 11. Qb1 h6 12. Nc4 f5 13. Qa2 Bxc4 14. Qxc4
a4 15. b4 Qd7 16. Rab1 Nc8 17. bxc5 b5 18. Qa2 Qf7 19. Qb2 Qe6 20. exf5
Qxf5 21. Bd2 Ne7 22. Bc3 O-O 23. Bxe5 Bxe5 24. Qxe5 Qf7 25. Rbe1 Nd5 26.
Qe4 Qf6 27. Ne5 Rfe8 28. f4 b4 29. axb4 a3 30. Qc4 Kg7 31. c3 a2 32. Qb3
Nxf4 33. d4 Re7 34. Kh2 Qg5 35. Qc2 Nd5 36. Qf2 Qf5 37. Qg3 Qg5 38. Qf2 Qf5
39. Qg3 Qg5 40. Qxg5 hxg5 41. Ra1 Nxc3 42. Rf2 Rb7 43. Nxc6 Ra6 44. Rc2 Nd5
45. Ne5 Rxb4 46. Rcxa2 Rxa2 47. Rxa2 Rxd4 48. Ra6 Nf4 49. c6 Rd8 50. Ra7+
Kg8 51. Rd7 Rc8 1-0

[Event "Aeroflot Open"]
[Site "Moscow RUS"]
[Date "2009.02.21"]
[Round "5"]
[White "Smirnov,P"]
[Black "Zvjaginsev,V"]
[Result "1/2-1/2"]
[WhiteElo "2579"]
[BlackElo "2636"]
[EventDate "2009.02.17"]

1. e4 e5 2. Nf3 Nc6 3. Bb5 f5 4. d3 fxe4 5. dxe4 Nf6 6. O-O d6 7. Qd3 a6 8.
Bxc6+ bxc6 9. Rd1 Bd7 10. Nc3 Qe7 11. Bg5 h6 12. Bxf6 Qxf6 13. Qc4 g5 14.
Ne1 Qf7 15. Qb4 Bg7 1/2-1/2

[Event "Aeroflot Open"]
[Site "Moscow RUS"]
[Date "2009.02.21"]
[Round "5"]
[White "Riazantsev,A"]
[Black "Grigoriants,S RUS"]
[Result "1/2-1/2"]
[WhiteElo "2634"]
[BlackElo "2565"]
[EventDate "2009.02.17"]

1. d4 d5 2. c4 c6 3. Nf3 Nf6 4. e3 Bg4 5. h3 Bxf3 6. Qxf3 e6 7. Nc3 Nbd7 8.
Bd3 Bd6 9. cxd5 exd5 10. g4 g6 11. Bd2 Nf8 12. O-O-O Ne6 13. Kb1 Qe7 14.
Qg2 O-O-O 15. f3 Nd7 16. f4 Nb6 17. Rhf1 Nc7 18. f5 Bb4 19. Rde1 Nc4
1/2-1/2

[Event "Aeroflot Open"]
[Site "Moscow RUS"]
[Date "2009.02.21"]
[Round "5"]
[White "So,W"]
[Black "Safarli,E"]
[Result "0-1"]
[WhiteElo "2627"]
[BlackElo "2564"]
[EventDate "2009.02.17"]

1. e4 e5 2. Nf3 Nc6 3. Bb5 a6 4. Ba4 Nf6 5. O-O Be7 6. Qe2 b5 7. Bb3 O-O 8.
Rd1 Bb7 9. c3 d5 10. d3 Re8 11. Nbd2 h6 12. a3 Bf8 13. Nf1 Na5 14. Ba2 c5
15. b4 Nc6 16. Ne3 d4 17. cxd4 Nxd4 18. Nxd4 exd4 19. Ng4 c4 20. Qf3 Nxg4
21. Qxg4 Qb6 22. dxc4 Rxe4 23. Qg3 Qe6 24. Qd3 Re8 25. Bd2 Qg6 26. Qh3 Rh4
0-1

[Event "Aeroflot Open"]
[Site "Moscow RUS"]
[Date "2009.02.21"]
[Round "5"]
[White "Aleksandrov,A"]
[Black "Filippov,An UZB"]
[Result "1/2-1/2"]
[WhiteElo "2636"]
[BlackElo "2558"]
[EventDate "2009.02.17"]

1. d4 Nf6 2. c4 e6 3. Nc3 Bb4 4. e3 b6 5. Nge2 Ba6 6. Qa4 c5 7. a3 Bxc3+ 8.
Nxc3 O-O 9. dxc5 bxc5 10. Be2 d5 11. O-O Qb6 12. Rd1 Nc6 13. cxd5 Bxe2 14.
Nxe2 exd5 15. Bd2 Rfe8 16. b4 cxb4 17. axb4 Rab8 18. h3 Nxb4 19. Rdb1 a5
20. Qxa5 Qxa5 21. Rxa5 Nc6 22. Rxb8 Rxb8 23. Ra6 Rc8 24. f3 Nd7 25. Bc3 Nc5
26. Ra1 Ne6 27. Rd1 Rd8 28. g4 f6 29. Kf2 Kf7 30. h4 g6 31. h5 gxh5 32.
gxh5 Ne7 33. Ra1 Rc8 34. Ra3 Rc7 35. Ng3 Rc4 36. Ke2 Rc8 37. Kd2 Rg8 38.
Ne2 Rc8 39. Bb4 Nf5 40. Ra5 Nh4 41. f4 Rc4 42. Rb5 Nf5 43. Kd3 Re4 44. Bd2
Ne7 45. Nc3 Rc4 46. Nxd5 Rc5 47. Rxc5 Nxc5+ 48. Kc4 Ne4 49. Be1 Nf5 50. Kd3
Nc5+ 51. Ke2 Ng7 52. Bc3 Nxh5 53. Kf3 1/2-1/2

[Event "Aeroflot Open"]
[Site "Moscow RUS"]
[Date "2009.02.21"]
[Round "5"]
[White "Khairullin,I"]
[Black "Onischuk,Al"]
[Result "1/2-1/2"]
[WhiteElo "2574"]
[BlackElo "2659"]
[EventDate "2009.02.17"]

1. d4 Nf6 2. c4 e6 3. Nc3 Bb4 4. f3 d5 5. a3 Bxc3+ 6. bxc3 c5 7. cxd5 Nxd5
8. dxc5 Qa5 9. e4 Ne7 10. Be3 O-O 11. Qb3 Qc7 12. Nh3 Nd7 13. Nf2 Nxc5 14.
Qc4 b6 15. Bxc5 Qxc5 16. Qxc5 bxc5 17. Nd3 Ba6 18. O-O-O Rab8 19. Ne5 Bxf1
20. Rhxf1 Rb3 21. Kc2 Rxa3 22. Ra1 Rxa1 23. Rxa1 Nc8 24. Nd7 Rd8 25. Nxc5
Kf8 26. Nd3 Ke7 27. Ne5 Ke8 28. c4 f6 29. Nd3 Rd7 30. Kc3 Rc7 31. Ra6 Nb6
32. c5 Nd7 33. Kc4 Ke7 34. Ra5 g5 35. g3 Nb8 36. Nb4 Kd7 37. f4 gxf4 38.
gxf4 Kc8 39. Ra3 a6 40. Rg3 Kb7 41. Rb3 Kc8 42. Rg3 Kb7 43. Rg8 Rc8 44.
Rg7+ Rc7 45. Rg8 Rc8 46. c6+ Nxc6 47. Rxc8 Na5+ 48. Kc5 Kxc8 49. Kd6 e5 50.
f5 Nc4+ 51. Ke6 a5 52. Na2 1/2-1/2

[Event "Aeroflot Open"]
[Site "Moscow RUS"]
[Date "2009.02.21"]
[Round "5"]
[White "Yudin,S"]
[Black "Predojevic,B"]
[Result "0-1"]
[WhiteElo "2562"]
[BlackElo "2650"]
[EventDate "2009.02.17"]

1. e4 e5 2. Nf3 Nc6 3. Bc4 Nf6 4. d3 Bc5 5. c3 O-O 6. O-O d5 7. exd5 Nxd5
8. Re1 Bg4 9. Nbd2 Nb6 10. Bb5 Bd6 11. h3 Bh5 12. Nf1 f5 13. Bxc6 bxc6 14.
Ng3 Bxf3 15. Qxf3 Qd7 16. Bd2 e4 17. Qe2 Bxg3 18. fxg3 exd3 19. Qe6+ Qxe6
20. Rxe6 Nc4 21. Bf4 Rfe8 22. Rxe8+ Rxe8 23. Rd1 Nxb2 24. Rd2 Re1+ 25. Kf2
Rb1 26. Bxc7 Kf7 27. a4 Ke6 28. c4 h5 29. a5 a6 30. Bf4 g5 31. Bc7 g4 32.
h4 Nd1+ 33. Kg1 Nc3+ 34. Kh2 Ne4 0-1

[Event "Aeroflot Open"]
[Site "Moscow RUS"]
[Date "2009.02.21"]
[Round "5"]
[White "Li Chao2"]
[Black "Li Shilong"]
[Result "1/2-1/2"]
[WhiteElo "2628"]
[BlackElo "2559"]
[EventDate "2009.02.17"]

1. e4 c5 2. Nf3 Nc6 3. d4 cxd4 4. Nxd4 Nf6 5. Nc3 e5 6. Ndb5 d6 7. Bg5 a6
8. Na3 b5 9. Bxf6 gxf6 10. Nd5 f5 11. Bd3 Be6 12. c3 Bg7 13. Nxb5 axb5 14.
Bxb5 Bd7 15. exf5 O-O 16. Qg4 Kh8 17. Qe4 Ra5 18. a4 Ne7 19. Nxe7 Bxb5 20.
Qh4 Re8 21. f6 Bf8 22. Qg4 Rxe7 23. fxe7 Bxe7 24. b4 Qc7 25. Qf3 e4 26. Qe3
Bf6 27. bxa5 Bxc3+ 28. Kd1 Qc4 29. axb5 Qb3+ 30. Kc1 Qb2+ 31. Kd1 Qb3+ 32.
Kc1 Qb2+ 33. Kd1 Qb3+ 1/2-1/2

[Event "Aeroflot Open"]
[Site "Moscow RUS"]
[Date "2009.02.21"]
[Round "5"]
[White "Dyachkov,S"]
[Black "Nepomniachtchi,I"]
[Result "1/2-1/2"]
[WhiteElo "2553"]
[BlackElo "2628"]
[EventDate "2009.02.17"]

1. Nf3 d5 2. c4 e6 3. d4 c6 4. Nc3 Nf6 5. e3 Nbd7 6. Bd3 dxc4 7. Bxc4 b5 8.
Bd3 Bd6 9. Bd2 Bb7 10. Ng5 Be7 11. O-O b4 12. Na4 Rc8 13. Rc1 O-O 14. Qc2
h6 15. Nh7 Nxh7 16. Bxh7+ Kh8 17. Be4 Ba6 18. Bd3 Bb5 19. Rfd1 Qa5 20. b3
Bxa4 21. bxa4 c5 22. Bb5 Nb6 23. dxc5 a6 24. Bf1 Rxc5 25. Qb3 Qxa4 26. Rxc5
Bxc5 27. Rc1 Rd8 28. Be1 Qa5 29. g3 Rc8 30. Rc2 Nd5 31. Bg2 Rd8 32. a3 Qb5
33. Bxd5 Rxd5 34. axb4 Rd1 35. Rxc5 Rxe1+ 36. Kg2 Qf1+ 37. Kf3 Qh1+ 38. Kf4
Qxh2 39. Rc8+ Kh7 40. Qc2+ f5 41. Rd8 Rf1 42. Rd2 Qg2 43. Ke5 Rxf2 44. Kxe6
Rxd2 45. Qxf5+ Kh8 46. Qf8+ Kh7 47. Qf5+ Kg8 48. Qf7+ 1/2-1/2

[Event "Aeroflot Open"]
[Site "Moscow RUS"]
[Date "2009.02.21"]
[Round "5"]
[White "Lysyj,I"]
[Black "Ajrapetjan,Y"]
[Result "1/2-1/2"]
[WhiteElo "2620"]
[BlackElo "2490"]
[EventDate "2009.02.17"]

1. d4 Nf6 2. c4 e6 3. Nf3 b6 4. a3 Bb7 5. Nc3 d5 6. Bf4 Bd6 7. Bg3 O-O 8.
e3 Ne4 9. cxd5 exd5 10. Qb3 Nc6 11. Bd3 Ne7 12. Bxe4 dxe4 13. Nd2 Bxg3 14.
hxg3 Qd6 15. Ndxe4 Qg6 16. f3 Rad8 17. g4 Nd5 18. Ne2 f5 19. Nf4 Qe8 20.
gxf5 Rxf5 21. O-O-O a5 22. Ne2 Ba6 23. N2c3 a4 24. Qa2 Qc6 25. Rde1 h6 26.
Qb1 Bc4 27. Qc2 Bb3 28. Qd2 b5 29. Nc5 Nf6 30. Nxb3 axb3 31. e4 Rg5 32. d5
Qb7 33. g4 b4 34. axb4 Qxb4 35. Nb1 Qb5 36. Na3 Qb7 37. Kb1 c6 38. d6 Qf7
39. e5 Qg6+ 40. Ka1 Nd5 41. Qd4 Qe6 42. Rhf1 c5 43. Qe4 Nb4 44. Kb1 Nc2 45.
Nxc2 bxc2+ 46. Kxc2 Rb8 47. Re3 Qa2 48. Rb1 Rb4 49. Ra3 Rc4+ 50. Kd2 Rxe4
51. Rxa2 Rd4+ 52. Kc2 Rxe5 53. Ra8+ Kf7 54. Ra7+ Kf6 55. Rd1 Re2+ 56. Kc1
Rxd1+ 57. Kxd1 Rxb2 58. d7 Rb8 59. Rc7 Rd8 60. Rxc5 1/2-1/2

[Event "Aeroflot Open"]
[Site "Moscow RUS"]
[Date "2009.02.21"]
[Round "5"]
[White "Maslak,K"]
[Black "Huzman,A"]
[Result "1/2-1/2"]
[WhiteElo "2541"]
[BlackElo "2602"]
[EventDate "2009.02.17"]

1. e4 e5 2. Nf3 Nf6 3. d4 Nxe4 4. Bd3 d5 5. Nxe5 Nd7 6. Nxd7 Bxd7 7. O-O
Bd6 8. c4 c6 9. cxd5 cxd5 10. Nc3 Nxc3 11. bxc3 O-O 12. Qh5 g6 13. Qxd5 Qc7
14. Bh6 Rfd8 15. Qg5 Qxc3 16. Qf6 Bf8 17. Bxf8 Rxf8 18. Be4 Bc6 19. Rfc1
Qb4 20. Bxc6 bxc6 21. Rxc6 Rad8 22. Rc7 Qxd4 23. Qxd4 Rxd4 24. Rxa7 Rc8 25.
g3 Rc2 26. a4 Rdd2 27. Rf1 Ra2 28. Kg2 1/2-1/2

[Event "Aeroflot Open"]
[Site "Moscow RUS"]
[Date "2009.02.21"]
[Round "5"]
[White "Melkumyan,H"]
[Black "Vaganian,R"]
[Result "1/2-1/2"]
[WhiteElo "2519"]
[BlackElo "2596"]
[EventDate "2009.02.17"]

1. d4 d5 2. c4 e6 3. Nf3 Nf6 4. Nc3 Be7 5. Bg5 h6 6. Bh4 O-O 7. e3 b6 8.
Be2 Bb7 9. cxd5 Nxd5 10. Bxe7 Qxe7 11. Nxd5 Bxd5 12. Rc1 c5 13. dxc5 Rd8
14. Qa4 Nd7 1/2-1/2

[Event "Aeroflot Open"]
[Site "Moscow RUS"]
[Date "2009.02.21"]
[Round "5"]
[White "Ehlvest,J"]
[Black "Grigoryan,Av"]
[Result "1-0"]
[WhiteElo "2595"]
[BlackElo "2506"]
[EventDate "2009.02.17"]

1. d4 Nf6 2. Nf3 g6 3. c4 Bg7 4. Nc3 O-O 5. e4 d6 6. Be2 e5 7. O-O Na6 8.
Be3 Ng4 9. Bg5 Qe8 10. Re1 c6 11. d5 f6 12. Bh4 c5 13. Nd2 h5 14. a3 f5 15.
Nb5 Qd7 16. exf5 gxf5 17. h3 Nf6 18. Bxh5 Nxh5 19. Qxh5 Nc7 20. a4 Ne8 21.
a5 Rf7 22. Ra3 a6 23. Nc3 b5 24. axb6 Bf8 25. f4 Rb8 26. fxe5 dxe5 27. Nf3
Rh7 28. Qg5+ Rg7 29. Nxe5 Qd6 30. Qf4 Rxb6 31. Re2 Qh6 32. Nd3 Qh5 33. Qf2
Bd6 34. Nf4 Bxf4 35. Qxf4 Bd7 36. Re7 Rxe7 37. Bxe7 Rg6 38. Qh4 Qf3 39. Qf2
Qxh3 40. Ne2 Qh7 41. Rg3 Rxg3 42. Qxg3+ Kf7 43. Bxc5 Qh5 44. Nf4 Qd1+ 45.
Kh2 Qg4 46. Qe3 Kg8 47. Be7 Ng7 48. c5 Nh5 49. Nxh5 Qxh5+ 50. Qh3 Qxh3+ 51.
gxh3 f4 52. c6 Bf5 53. d6 Kf7 54. Bh4 1-0

[Event "Aeroflot Open"]
[Site "Moscow RUS"]
[Date "2009.02.21"]
[Round "5"]
[White "Wen Yang"]
[Black "Volkov,Sergey1"]
[Result "1-0"]
[WhiteElo "2504"]
[BlackElo "2627"]
[EventDate "2009.02.17"]

1. e4 e6 2. d4 d5 3. Nc3 Nf6 4. e5 Nfd7 5. f4 c5 6. Nf3 Qb6 7. Be3 Nc6 8.
a3 Be7 9. Na4 Qa5+ 10. Bd2 Qc7 11. dxc5 Nxc5 12. Nxc5 Bxc5 13. Bd3 Qb6 14.
b4 Be3 15. Rb1 Bd7 16. Qe2 Bxd2+ 17. Qxd2 Nd4 18. Nxd4 Qxd4 19. c3 Qb6 20.
Qf2 O-O 21. Qd4 f6 22. exf6 gxf6 23. Kd2 e5 24. fxe5 fxe5 25. Qxd5+ Be6 26.
Qc5 Rf7 27. Rhf1 Rd7 28. Kc2 Qxc5 29. bxc5 Rad8 30. Rbd1 Bd5 31. Rde1 Bf7
32. Rf3 Rxd3 33. Rxd3 Bg6 34. Ree3 Rd5 35. Rg3 Rxc5 36. Kd2 Ra5 37. c4 Rc5
38. Rg4 Rc7 39. Rd5 e4 40. c5 Kf7 41. h4 Ke6 42. Rgg5 Ke7 43. Ke3 b6 44.
Kf4 Rc6 45. Rge5+ Kf8 46. Rd6 Rc7 47. h5 Bf7 48. c6 Rc8 49. h6 Be8 50. Rf6+
Kg8 1-0

[Event "Aeroflot Open"]
[Site "Moscow RUS"]
[Date "2009.02.21"]
[Round "5"]
[White "Ghaem Maghami,E"]
[Black "Zhou Weiqi"]
[Result "0-1"]
[WhiteElo "2604"]
[BlackElo "2542"]
[EventDate "2009.02.17"]

1. c4 e6 2. Nf3 d5 3. d4 Nf6 4. g3 dxc4 5. Qa4+ c6 6. Qxc4 b5 7. Qc2 Bb7 8.
Bg2 Nbd7 9. Nc3 c5 10. O-O b4 11. Na4 Rc8 12. Qd1 c4 13. Bg5 Qa5 14. Bxf6
Nxf6 15. b3 c3 16. Ne5 Bxg2 17. Kxg2 Be7 18. a3 O-O 19. Nc4 Qd5+ 20. f3
Rxc4 21. bxc4 Qxc4 22. axb4 Nd5 23. Kf2 c2 24. Qd2 Bxb4 25. Qd3 Qxd3 26.
exd3 Be7 27. Nc5 Bf6 28. Ra4 Nc3 29. Rc4 Bxd4+ 30. Kg2 Nd1 31. Re1 Bc3 32.
Rxc3 Nxc3 33. Rc1 Rc8 34. d4 Ne2 35. Rxc2 Nxd4 36. Rb2 h6 37. Na6 g5 38.
Rd2 Rc2 39. Rxc2 Nxc2 40. Kf2 Kg7 41. Ke2 Nd4+ 42. Ke3 Nc6 43. Nc5 Kf6 44.
f4 Kf5 45. fxg5 hxg5 46. h3 a5 47. Na4 Ke5 48. Nb2 f5 49. Nd3+ Kf6 50. Nc5
Ne5 51. Na4 Nd7 52. Nb2 e5 53. Na4 f4+ 54. Ke4 Ke6 55. Kf3 Kf5 0-1

[Event "Aeroflot Open"]
[Site "Moscow RUS"]
[Date "2009.02.21"]
[Round "5"]
[White "Minasian,Art"]
[Black "Chuprov,D"]
[Result "1-0"]
[WhiteElo "2557"]
[BlackElo "2571"]
[EventDate "2009.02.17"]

1. e4 c5 2. Nf3 d6 3. c3 Nf6 4. Be2 e5 5. O-O Nc6 6. d4 Be7 7. d5 Nb8 8.
Nbd2 O-O 9. a4 Nbd7 10. b4 b6 11. a5 bxa5 12. Rxa5 cxb4 13. cxb4 Nb6 14.
Bb2 Bd7 15. Qb3 Qb8 16. Rfa1 Rc8 17. Ne1 Rc7 18. Nd3 Qb7 19. b5 Rac8 20.
Nb4 Rc5 21. Rxa7 1-0

[Event "Aeroflot Open"]
[Site "Moscow RUS"]
[Date "2009.02.21"]
[Round "5"]
[White "Kosintseva,N"]
[Black "Chadaev,N"]
[Result "0-1"]
[WhiteElo "2486"]
[BlackElo "2568"]
[EventDate "2009.02.17"]

1. e4 d5 2. exd5 Qxd5 3. Nc3 Qa5 4. d4 c6 5. Nf3 Bf5 6. Bc4 e6 7. Bd2 Nd7
8. Qe2 Bb4 9. a3 Ngf6 10. O-O-O Bxc3 11. Bxc3 Qc7 12. Ne5 Nd5 13. Bd2 Bg6
14. g4 O-O-O 15. f4 Nxe5 16. dxe5 Rhe8 17. Qf3 f5 18. exf6 gxf6 19. Rhe1 h5
20. h3 Qh7 21. Bb3 hxg4 22. hxg4 f5 23. Qf2 fxg4 24. Qxa7 Qc7 25. Kb1 Bf5
26. Ka2 b5 27. Qf2 Qb6 28. Be3 Nxe3 29. Rxd8+ Rxd8 30. Rxe3 Rd6 31. Qe2 Qd4
32. Rc3 Kb7 33. a4 bxa4 34. Bc4 Qxf4 35. Ba6+ Kb6 36. Bc8 Kc7 37. Ba6 Kd7
38. Rc4 Rd4 39. Rc5 Qd6 40. Rc3 e5 41. Bc4 Rxc4 42. Rxc4 Be6 43. b3 axb3+
44. cxb3 Bxc4 45. Qxc4 Qg6 46. Qc5 Qf5 47. Qa7+ Ke6 48. Qa8 Qc2+ 49. Ka3
Qc5+ 50. Ka2 Kf5 51. Qg8 Kf4 52. Qf7+ Kg3 53. Qg6 Qd5 54. Qg5 Qd4 55. Qg6
c5 56. Qc6 e4 57. Qc7+ Kg2 58. Qc6 g3 59. Qa8 Kf2 60. Qf8+ Ke1 0-1

[Event "Aeroflot Open"]
[Site "Moscow RUS"]
[Date "2009.02.21"]
[Round "5"]
[White "Maze,S"]
[Black "Ragger,M"]
[Result "1-0"]
[WhiteElo "2579"]
[BlackElo "2540"]
[EventDate "2009.02.17"]

1. e4 e5 2. Nf3 Nc6 3. Bb5 a6 4. Ba4 Nf6 5. O-O Be7 6. Re1 b5 7. Bb3 d6 8.
c3 O-O 9. h3 Na5 10. Bc2 d5 11. d4 dxe4 12. Nxe5 c5 13. Be3 Qc7 14. Nd2 Bb7
15. Qb1 cxd4 16. Bxd4 Bd6 17. Ng4 Nxg4 18. hxg4 f5 19. gxf5 Bh2+ 20. Kh1
Rxf5 21. Bxe4 Rh5 22. Nf3 Nc6 23. a4 Bf4+ 24. Kg1 Bh2+ 25. Kf1 Bd6 26. g4
Rh1+ 27. Kg2 Rxe1 28. Qa2+ Kh8 29. Rxe1 Re8 30. Bxh7 1-0

[Event "Aeroflot Open"]
[Site "Moscow RUS"]
[Date "2009.02.21"]
[Round "5"]
[White "Vazquez Igarza,R"]
[Black "Ipatov,A UKR"]
[Result "1/2-1/2"]
[WhiteElo "2558"]
[BlackElo "2494"]
[EventDate "2009.02.17"]

1. d4 Nf6 2. c4 g6 3. Nc3 d5 4. cxd5 Nxd5 5. e4 Nxc3 6. bxc3 Bg7 7. Nf3 c5
8. Rb1 O-O 9. Be2 b6 10. O-O Bb7 11. Qd3 e6 12. Bg5 Qc7 13. Rfd1 h6 14. Bc1
Rd8 15. e5 cxd4 16. cxd4 Bd5 17. Ba3 Nc6 18. Rbc1 Rac8 19. Qe3 Qb7 20. Bd6
Na5 21. h4 Nc4 22. Qf4 Nxd6 23. exd6 Bxf3 24. Bxf3 Qd7 25. Rc7 Rxc7 26.
dxc7 Rc8 27. Rc1 e5 28. dxe5 Rxc7 29. Re1 Qe6 30. Bg4 Rc4 31. Bxe6 Rxf4 32.
g3 Rb4 33. Bb3 g5 34. h5 Kf8 35. Kg2 a5 36. e6 fxe6 37. Rxe6 a4 38. Bd5 Rd4
39. Bf3 Rd2 40. a3 Rb2 1/2-1/2